| 000 | 00882nab a2200253 u 4500 | ||
|---|---|---|---|
| 001 | 19131 | ||
| 003 | HDC | ||
| 007 | cr bn ---aaaaa | ||
| 008 | 210228c mydr|noo 0 a eng d | ||
| 040 | _aHDC | ||
| 100 |
_aMehta, Manik _eauthor _916841 |
||
| 245 | 0 |
_aGermany: _bGerman Halal Expert Lauds Malaysia's Pioneering Work In Halal Food Processing / _cby Manik Mehta |
|
| 260 |
_a[No place] : _bHalal Integrity, _c2010 |
||
| 336 |
_atext _2rdacontent |
||
| 337 |
_acomputer _2rdamedia |
||
| 338 |
_aonline resource _2rdacarrier |
||
| 650 |
_aHalal food processing _94796 |
||
| 650 |
_ahalal industry _9144 |
||
| 710 | _aHalal Integrity | ||
| 856 | _zRequest full-text at [email protected] | ||
| 942 | _2lcc | ||
| 942 | _cNEWS | ||
| 942 | _kNWSO 008948 | ||
| 999 |
_c16447 _d16447 |
||